Every State and Canadian Province with Moose - Statistics

General Stats
  • This quiz has been taken 14 times
    6 since last reset
  • The average score is 26 of 31
Answer Stats
Hint Answer % Correct
Alberta
100%
Province British Columbia
100%
Maine
100%
Manitoba
100%
New Brunswick
100%
New Hampshire
100%
North Dakota
100%
Nova Scotia
100%
Nunavut
100%
Ontario
100%
Quebec
100%
Yukon
100%
Alaska
83%
State Colorado
83%
Idaho
83%
Michigan
83%
Nevada
83%
New York
83%
Northwest Territories
83%
Saskatchewan
83%
Washington
83%
Wisconsin
83%
Massachusetts
67%
Minnesota
67%
Montana
67%
Newfoundland and Labrador
67%
Oregon
67%
Utah
67%
Vermont
67%
Wyoming
67%
Connecticut
50%
No matching quizzes found
Score Distribution
Percent of People with Each Score
Percentile by Number Answered
Your Score History
You have not taken this quiz since the last reset